Catalog

Record Details

Catalog Search



"Paulus und Jesus im 19.Jahrhundert" : Beiträge zur Geschichte des Themas "Paulus und Jesus" in der neutestamentlichen Theologie  Cover Image Book Book

"Paulus und Jesus im 19.Jahrhundert" : Beiträge zur Geschichte des Themas "Paulus und Jesus" in der neutestamentlichen Theologie / Friedemann Regner 

Regner, Friedemann (Author).

Record details

  • ISBN: 3-525-87485-5
  • Physical Description: 218 s.
  • Publisher: Göttingen : Vandenhoeck & Ruprecht, 1977

Available copies

  • 1 of 1 copy available at Common Catalog SPOK.

Holds

  • 0 current holds with 1 total copy.
Show Only Available Copies
Location Call Number / Copy Notes Barcode Shelving Location Status Due Date
ETS Library 227.02 424470020018 Volný výběr Available -

LDR nam a22 i 4500
00151868
003CZ-PrJAB
00520230403092235.0
007ta
008230127s1977 gw e 000 0 ger
020 . ‡a3-525-87485-5
040 . ‡aABG450 ‡bcze ‡erda
072 7. ‡a27 ‡xKřesťanství. Křesťanská církev všeobecně. Eklesiologie ‡2Konspekt ‡95
08214. ‡a227.02
1001 . ‡aRegner, Friedemann
24510. ‡a"Paulus und Jesus im 19.Jahrhundert" : ‡bBeiträge zur Geschichte des Themas "Paulus und Jesus" in der neutestamentlichen Theologie / ‡cFriedemann Regner 
264 1. ‡aGöttingen : ‡bVandenhoeck & Ruprecht, ‡c1977
300 . ‡a218 s.
336 . ‡atext ‡btxt ‡2rdacontent
338 . ‡asvazek ‡bnc ‡2rdacarrier
4901 . ‡aStudien zur Theologie und Geistesgeschichte des Neunzehnten Jahrhunderts ; ‡vBand 30
910 . ‡aABG450
995 . ‡aska
901 . ‡a51868 ‡bAUTOGEN ‡c51868 ‡tbiblio

Additional Resources